ポケモンのなまえ(第2世代) - Statistics

General Stats
  • This quiz has been taken 218 times
  • The average score is 58 of 100
Answer Stats
Answer % Correct
チコリータ
96%
ヒノアラシ
95%
ワニノコ
94%
バクフーン
90%
ベイリーフ
89%
メガニウム
89%
マグマラシ
89%
オーダイル
89%
ルギア
86%
ホウオウ
86%
アリゲイツ
85%
スイクン
82%
エンテイ
81%
ライコウ
79%
セレビィ
78%
ピチュー
76%
ホーホー
74%
オタチ
73%
オオタチ
73%
ヨルノズク
73%
ハガネール
72%
サナギラス
72%
バンギラス
72%
イトマル
71%
ヨーギラス
71%
アリアドス
69%
クロバット
67%
ピィ
67%
ブラッキー
66%
ププリン
64%
ハッサム
64%
デンリュウ
63%
エーフィ
63%
エレキッド
63%
ブビィ
63%
ミルタンク
63%
レディバ
62%
メリープ
62%
モココ
61%
レディアン
60%
キングドラ
60%
チョンチー
58%
ランターン
58%
トゲピー
58%
トゲチック
56%
ウソッキー
54%
デルビル
53%
ヘルガー
53%
カポエラー
53%
アンノーン
52%
ソーナンス
52%
クヌギダマ
52%
ポポッコ
51%
ワタッコ
51%
ヘラクロス
51%
マンタイン
51%
バルキー
51%
キレイハナ
50%
マリル
50%
マリルリ
50%
ニョロトノ
50%
ハネッコ
50%
ウパー
50%
ヌオー
50%
ヤミカラス
50%
ムウマ
50%
フォレトス
50%
マグマッグ
50%
エアームド
50%
ハピナス
50%
マグカルゴ
49%
テッポウオ
48%
オクタン
48%
ネイティ
47%
ネイティオ
47%
ヤドキング
47%
イノムー
47%
ウリムー
46%
ムチュール
46%
キマワリ
43%
ゴマゾウ
43%
ドンファン
43%
ヒマナッツ
42%
リングマ
42%
エイパム
41%
ヒメグマ
41%
オドシシ
41%
ドーブル
41%
ヤンヤンマ
40%
ブルー
40%
キリンリキ
39%
ノコッチ
39%
グライガー
39%
サニーゴ
39%
グランブル
38%
ツボツボ
38%
ニューラ
38%
ポリゴン2
36%
デリバード
34%
ハリーセン
33%
No matching quizzes found
Score Distribution
Percent of People with Each Score
Percentile by Number Answered
Your Score History
You have not taken this quiz